|
|
|
|
| LEADER |
00000nas a2200000 i 4500 |
| 001 |
ssj0001780285 |
| 003 |
WaSeSS |
| 005 |
20200512172242.0 |
| 006 |
m d |
| 007 |
cr n |
| 008 |
160229c20149999pk ar p s 0 a0eng c |
| 010 |
|
|
|a 2017268564
|
| 022 |
|
|
|a 2409-7462
|l 2409-7462
|
| 035 |
|
|
|a (WaSeSS)ssj0001780285
|
| 040 |
|
|
|a DKU
|b eng
|c DKU
|d OCLCO
|d OCLCF
|d OCLCO
|d AU@
|d AUD
|d CUS
|d OCLCO
|d SERSO
|d CUS
|d WaSeSS
|
| 042 |
|
|
|a pcc
|
| 050 |
|
4 |
|a Z665.2.P18
|
| 210 |
0 |
|
|a Pak. j. inf. manag. libr.
|
| 222 |
|
0 |
|a Pakistan journal of information management & libraries
|
| 245 |
0 |
0 |
|a Pakistan journal of information management & libraries
|h [electronic resource].
|
| 246 |
1 |
|
|a Pakistan journal of information management and libraries
|
| 246 |
1 |
|
|a PJIM&L
|
| 260 |
|
|
|a Lahore :
|b University of Punjab Lahore, Department of Information Management,
|c 2014-
|
| 310 |
|
|
|a Annual
|
| 362 |
1 |
|
|a Began with Vol 15 (2014)
|
| 506 |
|
|
|a License restrictions may limit access.
|
| 588 |
|
|
|a Description based on Vol 15 (2014); title from journal table of contents page (publisher's website, viewed April 10, 2017).
|
| 588 |
|
|
|a Latest issue consulted: Vol 18, No 2 (2016)
|
| 650 |
|
0 |
|a Information science
|v Periodicals.
|
| 650 |
|
0 |
|a Libraries
|v Periodicals.
|
| 650 |
|
7 |
|a Information science.
|2 fast
|0 (OCoLC)fst00972640
|
| 650 |
|
7 |
|a Libraries.
|2 fast
|0 (OCoLC)fst00997341
|
| 655 |
|
0 |
|a Electronic journals.
|
| 710 |
2 |
|
|a University of the Punjab.
|b Department of Information Management.
|
| 780 |
0 |
0 |
|t Pakistan journal of library & information science
|x 2309-9569
|w (OCoLC)700044259
|
| 856 |
4 |
0 |
|z Full text available from Research Library: 2014 to present
|u https://search.proquest.com/publication/54989
|